zaznacz panstwa które są w NATO i uni Europejskiej - Statystyki

Ogólne statystyki
  • Ten quiz został rozwiązany 19 razy
  • Średni wynik to 58 z 64
Statystyki odpowiedzi
Hint Odpowiedź % Poprawnych
1995 austria
100%
1957 Belgia
100%
1949 belgia
100%
kraj który jestw uni I NATO na litere B Belgia
100%
2004 czechy
100%
1999 czechy
100%
1957 francja
100%
1949 francja
100%
1986 hiszpania
100%
1982 hiszpania
100%
1957 niemcy
100%
1955 niemcy
100%
1949 norwegia
100%
2004 polska
100%
1999 polska
100%
1986 portugalia
100%
1949 portugalia
100%
1995 szwecja
100%
2024 szwecja
100%
2013 chorwacja
94%
2009 chorwacja
94%
2004 estonia
94%
2004 estonia
94%
1995 finlandia
94%
2023 finlandia
94%
2004 litwa
94%
2004 litwa
94%
2004 łotwa
94%
2004 łotwa
94%
2007 rumunia
94%
2004 rumunia
94%
2004 słowacja
94%
2004 słowacja
94%
2004 słowenia
94%
2004 słowenia
94%
1957 włochy
94%
1949 włochy
94%
1957 holandia
89%
1949 holandia
89%
1957 luksemburg
89%
1949 luksemburg
89%
1952 turcja
89%
2004 węgry
89%
1999 węgry
89%
1973 wielka brytania
89%
2020 odeszła z uni wielka brytania
89%
1949 wielka brytania
89%
2007 bułgaria
83%
2004 bułgaria
83%
2017 czarnogóra
83%
1973 dania
83%
1949 dania
83%
1981 grecja
83%
1952 grecja
83%
1949 islandia
83%
1949 kanada
83%
1949 usa
83%
2009 albania
78%
2020 macedonia
78%
2004 cypr
72%
1973 irlandia
72%
2004 malta
67%
nazwa uni Unia Europejska
67%
nazwa uni NATO
50%
Nie znaleziono quizów pasujących do podanych kryteriów
Rozkład punktacji
Procent ludzi z każdym wynikiem
Percentyl według liczby udzielonych odpowiedzi
Twoja historia wyników
Nie rozwiązałeś tego quizu